000 00616nam a22002177a 4500
001 sjds170087
003 sjds
005 20170615173035.0
008 170615b ilu||||| |||| 00| 0 spa d
020 _a9781588108333 (pbk.)
040 _csjds
041 _aspa
082 _a394.266
100 _aGillis, Jennifer Blizen
245 4 _aLas posadas /
_cJennifer Blizin Gillis ; traducción de Beatriz Puello.
246 _aLas posadas
260 _aChicago, Illinois :
_bHeinemann Library,
_c [2002]
300 _a24 pages :
_bcolor illustrations ;
_c23 cm.
700 _aPuello, Beatriz
942 _cBK
_2ddc
999 _c17639
_d17639